00856nam a22002057a 450000500170000001000530001702000270007003500180009703700140011508200060012924501650013526000370030027000520033730000210038949000310041065000350044194200200047699900190049695201350051520240806163101.0 aB-760129 CH-EN a9788129139511c140.00  aB-760129  bGiftadpl aS aJunior Classics-17 :bthe adventure of the beryl coronet,the adventure of the blue carbuncle, the boscombe valley mystery, the adventure of the copper beeches / aNew DelhibRed Turtle Rupac2016 a7/16, Ansari Road, DaryaganjbNew Delhie110002 a127p.c18cm(pbk) aJunor Clssics v20 Volumes a Children's literature.969633 cCH2ddcmJUNhS c204908d204908 001040708FICaMPbMPd2024-08-06eGift/6.8.24g140.00l0oJUN SpB-760129r2024-08-06 00:00:00t1v140.00w2024-08-06yCHzGift